000 00480nam a2200157 i 4500
001 70395
003 ES-MaACL
005 20230906170815.0
007 t|
008 040722s1928 sp ||||1| spa d
100 1 _aGarcía San Pedro, Fernando.
_955255
245 1 0 _aTeoría algebraica elemental
_b: cálculo diferencial e integral /
_cpor Fernando García San Pedro.
260 _aMadrid :
_b[s.n.,
_c1928] (
_fGarcía)
300 _a340 p. ;
_c22 cm.
852 _aES-MaACL
_jF-5291
999 _c70395
_d70395